000 01336cam a22002771i 4500
003 SA-RiAUC
005 20260123131240.0
008 260119s2009____su g f000 0dara c
020 _a9789960038698
040 _aSA-JeALM
_bara
_cSA-RiAUC
_erda
082 0 4 _a233
_qSA-RiAUC
090 _a233
_bح ا م
100 1 _aالحامضي، غالب بن محمد أبو القاسم هوايش،
_d1383 هجري-
_eمؤلف.
245 1 0 _aمرويات عبد الرحمن بن عبد الله بن مسعود عن أبيه في كتب السنة :
_bجمعا ودراسة /
_cتأليف غالب بن محمد أبو القاسم الحامضي.
250 _aالطبعة الأولى.
264 1 _aمكة المكرمة :
_bجامعة أم القرى، معهد البحوث العلمية، مركز بحوث الدراسات الإسلامية،
_c2009
300 _a127 صفحة ؛
_c24 سم.
336 _aنص
_btxt
_2rdacontent
_3كتاب
337 _aبدون وسيط
_bn
_2rdamedia
490 0 _aسلسلة بحوث الدراسات الإسلامية
600 1 7 _aابن مسعود، عبد الله بن مسعود بن غافل،
_dتوفي 32 هجري
_xحديث
_2aucnm
650 7 _aالحديث
_xرواية
_2aucsh
653 _aالديانات
942 _2ddc
_cBOOK
_n0
949 _aSA-JeALM
_d260119
_uosman123
_n1
999 _c14128
_d14128